| 000 | 00396nam a2200145Ia 4500 | ||
|---|---|---|---|
| 008 | 240624s9999 xx 000 0 und d | ||
| 041 | _aeng | ||
| 082 | _a658.4092 JOH | ||
| 100 | _aJOHANSEN BOB | ||
| 245 | _aLEADERS MAKE THE FUTURE TEN NEW LEADERSH | ||
| 250 | _a(2nd Revised) | ||
| 260 |
_c2012 _aSan Francisco _bBerrett-Koehler Publishers |
||
| 300 | _axxii, 245 p.; 23 cm. | ||
| 365 |
_c _b33 |
||
| 999 |
_c32300 _d32300 |
||